000 00469nam a2200169 4500
001 268
005 20230411085953.0
008 060907n1991 dr spa
035 _9funglode269
041 _aES
100 _aPrieto, Indalecio
245 1 _aPasado y futuro de Bilbao /
_cIndalecio Prieto
260 _aBarcelona :
_bFundación Indalecio Prieto; Planeta,
_c1991
300 _a157 p.
440 _aConvulsiones en España ;
_v9
942 _2lcc
_cbk
999 _c110225
_d110225